Statistics for Spotlight - Dream Lyrics

Click here to take the quiz!

General Stats

  • This quiz has been taken 7 times
  • The average score is 258 of 307

Answer Stats

Answer% Correct
a
100%
A
100%
be
100%
bed)
100%
bed
100%
cameras,
100%
can
100%
can't
100%
describe
100%
eyes
100%
fan
100%
glow
100%
I
100%
in
100%
it's
100%
limelight
100%
Make
100%
me,
100%
me
100%
(my
100%
my
100%
"no
100%
now
100%
number
100%
off
100%
one
100%
only
100%
see
100%
superstar
100%
that
100%
the
100%
Turn
100%
when
100%
you
100%
your
100%
all
80%
And
80%
'Cause
80%
curtains,
80%
front
80%
go
80%
Got
80%
hand
80%
head
80%
head)
80%
I'll
80%
like
80%
look
80%
mind,
80%
mind
80%
mine
80%
Oh,
80%
our
80%
paparazzi"
80%
put
80%
row
80%
shine
80%
show
80%
sky
80%
sky,
80%
(spotlight)
80%
spotlight
80%
stan
80%
there
80%
they
80%
ticket
80%
time
80%
wanna
80%
you're
80%
You're
80%
always
60%
bright
60%
celebrity
60%
close
60%
know
60%
Play
60%
scene,
60%
screamin'
60%
set
60%
shooting
60%
should
60%
star
60%
together
60%
We
60%
With
60%
Woah,
60%
anytime
40%
anywhere
40%
credits
40%
follow
40%
remember
40%
role
40%
roll
40%
say
40%
so
40%
So
40%
'til
40%
Watch
40%
carpet
20%
door
20%
down
20%
get
20%
home
20%
leading
20%
Ohh,
20%
Red
20%
road
20%
rollin'
20%
That's
20%
tinted
20%
why
20%
Windows
20%
Yelling
20%

Score Distribution

Percentile by Number Answered

Percent of People with Each Score

Your Score History

You have not taken this quiz